Sommerfeld, Beate: Kafka-Nachwirkungen in der polnischen Literatur [Rezension]

Titel: Sommerfeld, Beate: Kafka-Nachwirkungen in der polnischen Literatur [Rezension] / Małgorzata Jokiel
Verfasser:
In: Convivium, (2007), Seite 312-316
alle Artikel anzeigen
Veröffentlicht: 2007
Format: Aufsatz
Sprache: Deutsch
Kein Bild verfügbar
X
alg: 19408234
001A    $04504:04-01-08 
001B    $01999:14-03-19 $t22:35:20.000 
001C    $04504:04-01-08 $t15:02:51.000 
001D    $04504:04-01-08 
001U    $0utf8 
001X    $00 
002@    $0Aou 
003@    $0194082342 
007A    $0194082342 $aHEB 
010@    $ager 
011@    $a2007 
021A    $aSommerfeld, Beate: Kafka-Nachwirkungen in der polnischen Literatur [Rezension] $hMałgorzata Jokiel 
028A    $7 $8Jokiel, Małgorzata [Tnd] $9194972054 
031A    $h312-316 $j2007 
039B    $aIn $8--Abvc--. Convivium. - Łódź : Verlag der Universität Lodz, 1994-. - ISSN 2196-8403 $x200700000000000688 $9048657417 
039T    $8--Aau--Sommerfeld, Beate$Z1962- [Tp3]. Kafka-Nachwirkungen in der polnischen Literatur. - Frankfurt am Main {[u.a.] : Lang, 2007. - 294 S.. - ISBN 978-3-631-56843-9 $9187552789 
045T    $a7,20 $a7,20 
045T    $aAVL $qDE-30 $2FID 
045T    $aGER $qDE-30 $2FID 
045V    $817.18.00$jZu einzelnen Autoren [Tkx] $9118843737 

lok: 19408234 62

exp: 19408234 62 1 #EPN
201B/01 $004-01-08 $t20:45:51.000 
203@/01 $0522895425 
208@/01 $a04-01-08 $be 
209A/01 $a/ $f000 $x00 
209B/01 $a2008 $x05 
247C/01 $8Frankfurt, Bibliographie der Deutschen Sprach- und Literaturwissenschaft $9113214561 
201U/01 $0utf8 

lok: 19408234 78

exp: 19408234 78 1 #EPN
201B/01 $014-03-19 $t10:34:22.000 
201C/01 $014-03-19 
201U/01 $0utf8 
203@/01 $01048377601 
208@/01 $a14-03-19 $be 
209A/01 $a/ $f000 $x00 
209A/01 $ab*p $x01 
220C/01 $apgar 
244Z/01 $#Generalgouvernement Polen $#Polska $#Rzeczpospolita Polska $#Polska Rzeczpospolita Ludowa $#Poland $#Pologne $#République Polonaise $#Generalne Gubernatorstwo w Polsce $#Polish People's Republic $#Polska Rzeczpospolita Polen $#PRL $#RP $#Polen Generalgouvernement $#Polska Generalgouvernement $#Besetzte Polnische Gebiete $#Besetztes Gebiet in Polen $#Okupowane Polskie Obszary $#Obszary Okupowane w Polsce $#Volksrepublik Polen $#Polska Rosyjska $#Republic Polen $#Respublika Pol'ša $#Pol'skaja Narodnaja Respublika $#République de Pologne $#Polen Links der Weichsel $#Polska po Lewej Stronie Wisły $#Lenkija $#Polija $#Gubernija Carstva Pol'skago $#Republik Polen $74046496-9 $8--Tg1--Polen $x01 $9085129801 
244Z/01 $#Böhmische Kronländer $#Länder der Böhmischen Krone $#Sudetenland $#Böhmen $#Mähren $#Mährisch-Schlesien $#Österreichisch-Schlesien $#Tschechische Sozialistische Republik Böhmische Länder $#Tschechei Böhmische Länder $#Země koruny české $74069573-6 $8--Tg1--Böhmische Länder $x02 $9085195553 
247C/01 $82080>Marburg/Lahn, Herder-Institut, Forschungsbibliothek, Bibliographieportal $9336309341
LEADER 00000caa a2200000 c 4500
001 194082342
003 DE-603
005 20190314223520.0
007 tu
008 080104s2007 xx |||| | u00||u|ger c
035 |a (DE-599)HEB194082342 
040 |a DE-603  |b ger  |c DE-603  |d DE-603 
041 |a ger 
084 |a 7,20  |a 7,20  |2 ssgn 
084 |a AVL  |q DE-30  |2 fid 
084 |a GER  |q DE-30  |2 fid 
100 1 |a Jokiel, Małgorzata  |0 (DE-603)194972054 
245 0 0 |a Sommerfeld, Beate: Kafka-Nachwirkungen in der polnischen Literatur [Rezension]  |c Małgorzata Jokiel 
264 0 |c 2007 
773 0 8 |i In  |t Convivium  |d Łódź : Verlag der Universität Lodz, 1994-  |x 2196-8403  |g (2007), Seite 312-316  |w (DE-603)048657417  |w (DE-600)1221798-0 
787 0 8 |i Rezension von  |a Sommerfeld, Beate, 1962-  |t Kafka-Nachwirkungen in der polnischen Literatur  |d Frankfurt am Main ˜[u.a.] œ: Lang, 2007  |h 294 S.  |z 9783631568439  |w (DE-603)187552789 
924 0 |9 603  |a (DE-603)522895425  |b DE-603  |c HES  |d d 
924 0 |9 2080  |a (DE-603)1048377601  |b DE-2080  |c HES  |d d  |g /